|
|
|
|
| LEADER |
00000nam0a2200000 4500 |
| 001 |
145250 |
| 005 |
20231101221139.0 |
| 035 |
|
|
|a (RuTPU)RU\TPU\book\157450
|
| 090 |
|
|
|a 145250
|
| 100 |
|
|
|a 20081015d1954 m y0rusy50 ca
|
| 101 |
0 |
|
|a rus
|
| 102 |
|
|
|a RU
|
| 105 |
|
|
|a a z 000zy
|
| 200 |
1 |
|
|a Закон Менделеева
|f А. Л. Колесников
|
| 205 |
|
|
|a 3-е изд., перераб.
|
| 210 |
|
|
|a Москва
|c Изд-во технико-теоретической литературы
|d 1954
|
| 215 |
|
|
|a 39 с.
|c ил.
|
| 225 |
1 |
|
|a Научно-популярная библиотека
|v вып. 17
|
| 606 |
1 |
|
|a Периодическая система элементов
|2 stltpush
|3 (RuTPU)RU\TPU\subj\72133
|9 85718
|
| 610 |
1 |
|
|a химия
|
| 610 |
1 |
|
|a периодический закон
|
| 610 |
1 |
|
|a периодический закон Менделеева
|
| 610 |
1 |
|
|a атомы
|
| 610 |
1 |
|
|a молекулы
|
| 610 |
1 |
|
|a химические элементы
|
| 610 |
1 |
|
|a Вселенная
|
| 675 |
|
|
|a 546-123-048.4
|v 3
|
| 700 |
|
1 |
|a Колесников
|b А. Л.
|
| 801 |
|
1 |
|a RU
|b 63413507
|c 20081015
|g PSBO
|
| 801 |
|
2 |
|a RU
|b 63413507
|c 20151123
|g PSBO
|
| 942 |
|
|
|c BK
|